| 000 | 00572nam a2200181Ia 4500 | ||
|---|---|---|---|
| 008 | 210719s1996 xx 000 0 und d | ||
| 041 | _aeng | ||
| 082 | _a658.0068 MCCB | ||
| 100 | _aMcCarthy (Daniel J);MINICHIELLO (Robert J);CURRAN (Joseph R) | ||
| 245 | _aBusiness policy and strategy: concepts and readings Ed 4 | ||
| 250 | _a4 | ||
| 260 |
_aIllinois _bRichard D Irwin, Inc. _c1996 |
||
| 300 |
_axii,528 _bPB |
||
| 365 |
_b110 _cRs |
||
| 650 | _aManagement | ||
| 650 | _aManagement | ||
| 906 | _a4 ; and ; Business ; concepts ; Ed ; policy ; readings ; strategy: | ||
| 999 |
_c214606 _d214606 |
||